Desserts from 'J' - Statistics

General Stats
  • This quiz has been taken 28 times
  • The average score is 3 of 16
Answer Stats
Picture Answer % Correct
Jell O
83%
Jelly Roll
43%
Jaffa Cakes
39%
Japanese Cheesecake
22%
Jelly Doughnut
22%
Jalebi
17%
Jammie Dodgers
9%
Jelly Slice
9%
Jesuite
9%
Jacobina
4%
Jumble
4%
Junket
4%
Jodenkoek
0%
Joe Frogger
0%
Joffre Cake
0%
Joulutorttu
0%
No matching quizzes found
Score Distribution
Percent of People with Each Score
Percentile by Number Answered
Your Score History
You have not taken this quiz